000 02898cam a22006134i 4500
003 PE-LiUPU
005 20250731172851.0
008 100730s2012 miu rb 001 0 eng d
020 _a0801046750
020 _a1598565370
020 _a9780801046759
020 _a9781598565379
020 _z1441257918 (electronic bk.)
020 _z9781441257918 (electronic bk.)
035 _a(Sirsi) i9780801046759
040 _aRDC
_bspa
_cRDC
_dOCLCQ
_dSGB
_dYDXCP
_dOCLCA
_dOCLCQ
_dOCLCF
_dCFT
_dOCLCA
_dPE-LiUPU
_erda
049 _aPRUA
082 0 4 _a226.5
_bK34
090 _aBS2615.53 .K44 2010
100 1 _aKeener, Craig S.,
_d1960- ,
_eautor.
245 1 4 _aThe Gospel of John :
_ba commentary /
_cCraig S. Keener.
264 1 _aGrand Rapids, Michigan :
_bBaker Academic,
_c2012.
300 _a2 volúmenes (xlviii, 1636 páginas) ;
_c24 centímetros
336 _atext
_2rdacontent
337 _aunmediated
_2rdamedia
337 _avolume
_2rdacarrier
504 _aBibliografía : páginas 1243-1409 (volumen 2).
504 _aÍndice : páginas 1411-1636 (volumen 2).
505 0 0 _gVolumen 1,
_tGenre and Historical Considerations -- The Discourses of the Fourth Gospel -- Authorship -- Social Contexts -- A Jewish Context -- Revelatory Motifs: Knowledge, Vision, Signs -- Christology and Other Theology -- The Prologue (1:1-18) -- Witness in Judea, Samaria, and Galilee (1:19-6:71) -- Tabernacles and Hanukkah (7:1-10:42)
505 0 0 _gVolumen 2,
_tIntroducing the Passion (11:1-12:50) -- Farewell Discourse (13:1-17:26) -- The Passion and Resurrection (18:1-20:31) -- Epilogue (21:1-25)
526 _aSEG42
526 _aSEG41
526 _aSEG40
526 _aSEG39
526 _aP94
526 _aP87
526 _aP86
526 _aP85
526 _aP77
526 _aP76
526 _aP35
630 0 0 _aBiblia.
_pNuevo Testamento.
_pJuan
_vComentarios.
856 4 1 _3Tabla de contenidos :
_uhttp://catdir.loc.gov/catdir/toc/ecip046/2003016153.html
910 _ajck
_bjck
_cjck
_d20160609
942 _2ddc
_cBOOK
949 _a226.5 K34 1
_wDEWEY
_c1
_i73516
_lCCODEBUL1
_mBUL
_p21.00
_r0
_sY
_tBOOK
_u2016-6-9
_xTEOLOGIA
_PP85
_0COMPRA
_o.STAFF. Posgrado
949 _a226.5 K34 2
_wDEWEY
_c1
_i73517
_lCCODEBUL1
_mBUL
_p21.00
_r0
_sY
_tBOOK
_u2016-6-9
_xTEOLOGIA
_PP85
_0COMPRA
_o.STAFF. Posgrado
994 _aC0
_bPEPRU
856 4 1 _3Tabla de contenidos :
_uhttp://catdir.loc.gov/catdir/toc/ecip046/2003016153.html
596 _a1
999 _a226.5 K34 1
_wDEWEY
_c9847
_i73516
_d9847
_f2021-11-9
_g5
_lCCODEBUL1
_mBUL
_p21.00
_q7
_r0
_sY
_tBOOK
_u2016-6-9
_xTEOLOGIA
_PP85
_0COMPRA
_o.STAFF. Posgrado
999 _a226.5 K34 2
_wDEWEY
_c1
_i73517
_d2019-11-21
_f2021-11-9
_g5
_lCCODEBUL1
_mBUL
_p21.00
_q5
_r0
_sY
_tBOOK
_u2016-6-9
_xTEOLOGIA
_PP85
_0COMPRA
_o.STAFF. Posgrado
980 _81
_gALBERTO SANCHEZ Responsable de Automatización